000 00468nam a2200157Ia 4500
999 _c36065
_d36065
003 OSt
005 20210121125057.0
008 190216s9999||||xx |||||||||||||| ||und||
040 _coclc
082 _a894.812
_bREE/L
100 _aReed, John
_96161
245 0 _aLokathe Pidichu Kulukkiya Pathu Divasangal /
_cJohn Reed
260 _bProgress Publishers,
_c1987.
_aMoscow:
300 _a536p
942 _cBK
_2ddc
_h894.812
_iREE/L
_k894.812
_mREE/L